000
00262nam a22001097a 4500
082
_a
629.4 BUS'N
100
_a
DEL, AUER R. D,BUSSARD, R. W
_9
57291
245
_a
NUCLEAR ROCKET PROPULSION
260
_a
NEWYORK
_b
MCGRAW HILL
_c
1958
300
_a
370P
942
_c
BK
999
_c
567587
_d
567587